Seni lagu dan permainan tradisi

Bibliographic Details
Main Author: Asmad , 1930- (Author)
Format: Book
Published: Melaka : Associated Educational Distributors , c1990
Series:Siri bunga rampai kebudayaan Malaysia
Subjects:

MARC

LEADER 00000cam a2200000 7i4500
001 0000008226
005 20161019093000.0
008 021119n
020 |a 9679482065 
020 |a 9679482480 ,   |c (set) 
090 0 0 |a ML3545   |b .A86 
100 0 |a Asmad ,   |d 1930- ,   |e author 
245 0 0 |a Seni lagu dan permainan tradisi   |c Asmad 
260 2 |a Melaka :   |b Associated Educational Distributors ,   |c c1990 
300 |a 158 ms. ; ;   |c 22 sm. 
440 0 0 |a Siri bunga rampai kebudayaan Malaysia 
650 0 |a Folk music   |z Malaysia 
650 0 |a Games   |z Malaysia 
999 |a 1000065542   |b Book   |c OPEN SHELF (30 DAYS)   |e Gong Badak Campus